| 000 | 00647nam a2200193 i 4500 | ||
|---|---|---|---|
| 001 | 36550 | ||
| 003 | ES-MaACL | ||
| 005 | 20250831013909.0 | ||
| 007 | t| | ||
| 008 | 030218q19001999sp ||||1| spa d | ||
| 100 | 1 |
_aBryce, James, _d1838-1922 _932253 |
|
| 245 | 1 | 4 |
_aLas instituciones sociales en los Estados Unidos / _cpor James Bryce ; traducción por Francisco Lombardía. |
| 260 |
_aMadrid : _b[s.n., _c19??] ( _fGabriel López del Horno) |
||
| 300 |
_a287 p. ; _c23 cm. |
||
| 651 | 4 |
_aEstados Unidos- _xSituación social _98575 |
|
| 700 | 1 |
_aLombardía, Francisco. _973190 |
|
| 852 |
_aES-MaACL _jF-14780 |
||
| 999 |
_c36550 _d36550 |
||